Holman concise Bible commentary : (Record no. 10082)

MARC details
000 -LEADER
fixed length control field 01291pam a2200313 a 4500
001 - CONTROL NUMBER
control field 726568
003 - CONTROL NUMBER IDENTIFIER
control field GBCCL
005 - DATE AND TIME OF LATEST TRANSACTION
control field 20241126110725.0
008 - FIXED-LENGTH DATA ELEMENTS--GENERAL INFORMATION
fixed length control field 980707s1998 tnub b 001 0 eng
010 ## -
-- 98027818
020 ## - INTERNATIONAL STANDARD BOOK NUMBER
International Standard Book Number 0805493379
040 ## - CATALOGING SOURCE
Original cataloging agency DLC
Transcribing agency DLC
Modifying agency DLC
050 00 -
-- BS491.2
-- .H65 1998
082 00 - DEWEY DECIMAL CLASSIFICATION NUMBER
Classification number 220.7
Edition information 21
Item number HOL
245 00 - TITLE STATEMENT
Title Holman concise Bible commentary :
Remainder of title simple, straightforward commentary on every book of the Bible /
Statement of responsibility, etc. David S. Dockery, general editor.
260 ## - PUBLICATION, DISTRIBUTION, ETC.
Place of publication, distribution, etc. Nashville, Tenn. :
Name of publisher, distributor, etc. Broadman & Holman Publishers,
Date of publication, distribution, etc. c1998.
300 ## - PHYSICAL DESCRIPTION
Extent xvii, 681 p. :
Other physical details maps ;
Dimensions 22 cm.
440 #0 - SERIES STATEMENT/ADDED ENTRY--TITLE
Title Holman reference
9 (RLIN) 1280
504 ## - BIBLIOGRAPHY, ETC. NOTE
Bibliography, etc. note Includes bibliographical references and index.
630 00 - SUBJECT ADDED ENTRY--UNIFORM TITLE
Uniform title Bible
General subdivision Commentaries.
9 (RLIN) 1243
700 1# - ADDED ENTRY--PERSONAL NAME
Personal name Dockery, David S.
9 (RLIN) 3062
710 2# - ADDED ENTRY--CORPORATE NAME
Corporate name or jurisdiction name as entry element Broadman & Holman Publishers.
9 (RLIN) 17499
856 42 - ELECTRONIC LOCATION AND ACCESS
Materials specified Contributor biographical information
Uniform Resource Identifier <a href="http://www.loc.gov/catdir/enhancements/fy1003/98027818-b.html">http://www.loc.gov/catdir/enhancements/fy1003/98027818-b.html</a>
856 42 - ELECTRONIC LOCATION AND ACCESS
Materials specified Publisher description
Uniform Resource Identifier <a href="http://www.loc.gov/catdir/enhancements/fy1003/98027818-d.html">http://www.loc.gov/catdir/enhancements/fy1003/98027818-d.html</a>
906 ## - LOCAL DATA ELEMENT F, LDF (RLIN)
a 7
b cbc
c orignew
d 1
e ocip
f 19
g y-gencatlg
942 ## - ADDED ENTRY ELEMENTS (KOHA)
Source of classification or shelving scheme Dewey Decimal Classification
Koha item type Reference Books
Holdings
Withdrawn status Lost status Source of classification or shelving scheme Damaged status Not for loan Home library Current Library Shelving location Date acquired Total checkouts Full call number Barcode Date last seen Copy number Price effective from Koha item type
    Dewey Decimal Classification     GRACE BIBLE COLLEGE GRACE BIBLE COLLEGE Commentary 2024-02-29   220.7 HOL 016546 2025-05-01 c.1 2024-02-29 Reference Books
© Grace Bible College Library 2025